[Event "XIII C.to Italiano U20"]
[Site "Bratto - Castione della Presolana ITA"]
[Date "2005.08.25"]
[Round "6"]
[White "Lapenna, Antonio"]
[Black "Damia, Angelo"]
[Result "1/2-1/2"]
[WhiteElo "2056"]
[BlackElo "2155"]
[PlyCount "26"]
[EventDate "2005.08.20"]

1.e4 d6 2.d4 Nf6 3.Nc3 e5 4.Nf3 Nbd7 5.Bc4 Be7 6.O-O O-O 7.Re1 exd4 8.Qxd4
h6 9.Bf4 Nc5 10.e5 dxe5 11.Qxd8 Rxd8 12.Bxe5 Bd6 13.Bxd6 cxd6 1/2-1/2

[Event "XIII C.to Italiano U20"]
[Site "Bratto - Castione della Presolana ITA"]
[Date "2005.08.25"]
[Round "6"]
[White "Laurenti, Stefano"]
[Black "Ravagnati, Marco"]
[Result "1-0"]
[WhiteElo "1937"]
[BlackElo "1658"]
[PlyCount "59"]
[EventDate "2005.08.20"]

1.e4 c5 2.Nc3 Nc6 3.f4 e6 4.Nf3 d6 5.Bb5 Bd7 6.d3 a6 7.Bc4 b5 8.Bb3 Qb6 9.
f5 Be7 10.Be3 Nf6 11.fxe6 fxe6 12.Ng5 Nd8 13.e5 dxe5 14.O-O h6 15.Nge4 O-O
16.Nxf6+ Bxf6 17.Ne4 Be7 18.Qh5 Nf7 19.Kh1 Qc6 20.c3 Rad8 21.Qg6 c4 22.
dxc4 Nh8 23.cxb5 axb5 24.Qg4 h5 25.Qh3 Qxe4 26.Bxe6+ Nf7 27.Bxd7 Qd3 28.
Bf5 Ng5 29.Bxd3 Nxh3 30.Bxb5 1-0

[Event "XIII C.to Italiano U20"]
[Site "Bratto - Castione della Presolana ITA"]
[Date "2005.08.25"]
[Round "6"]
[White "Manconi, Antonio"]
[Black "Navarro, Tommaso"]
[Result "1-0"]
[WhiteElo "1988"]
[BlackElo "1805"]
[PlyCount "73"]
[EventDate "2005.08.20"]

1.e4 e5 2.Nf3 Nc6 3.Nc3 Bc5 4.Bc4 Nf6 5.d3 h6 6.Be3 Bb6 7.Nd5 d6 8.Nxb6 
axb6 9.c3 Be6 10.Bxe6 fxe6 11.O-O g5 12.d4 exd4 13.Nxd4 Nxd4 14.cxd4 Qd7 
15.f4 O-O-O 16.fxg5 Nxe4 17.gxh6 d5 18.Rc1 Rh7 19.Qf3 Qe7 20.Rc2 Rg8 21.
Rfc1 c6 22.Rf1 Kd7 23.Qf4 Qg5 24.Qxg5 Nxg5 25.Rcf2 Ke7 26.Rf6 Ne4 27.R6f3 
c5 28.g3 c4 29.Bc1 Ra8 30.a3 Rc8 31.g4 c3 32.bxc3 Rxc3 33.Rxc3 Nxc3 34.g5 
Ne2+ 35.Kh1 Nxc1 36.Rxc1 Kd7 37.Rg1 1-0

[Event "XIII C.to Italiano U20"]
[Site "Bratto - Castione della Presolana ITA"]
[Date "2005.08.25"]
[Round "6"]
[White "Nizzardo, Mattia"]
[Black "Truzzi, Stefano"]
[Result "1-0"]
[WhiteElo "1718"]
[BlackElo "1518"]
[PlyCount "77"]
[EventDate "2005.08.20"]

1.e4 d6 2.d4 Nf6 3.Nd2 g6 4.Ngf3 Bg7 5.c3 Nbd7 6.Bd3 e5 7.O-O O-O 8.Nb3 b6
9.Bb5 Bb7 10.Bxd7 Nxd7 11.d5 Nf6 12.Re1 Qd7 13.Bg5 Nh5 14.Bh4 Nf4 15.Bg3 
Nh5 16.Bh4 f5 17.Ng5 fxe4 18.Ne6 Rf7 19.Rxe4 Bf6 20.Qd2 Ng7 21.Bxf6 Nxe6 
22.Bxe5 dxe5 23.dxe6 Qxe6 24.Re3 Rd7 25.Qe2 Re8 26.Re1 Rde7 27.h3 Qd5 28.
f3 c5 29.Qd2 Qc6 30.Qe2 Qc7 31.Nd2 Kg7 32.Nc4 Kf6 33.Rd1 Ba6 34.Qd3 Bb5 
35.Qd6+ Qxd6 36.Nxd6 Rd8 37.Ne4+ Kf5 38.Rxd8 Kf4 39.Kf2 1-0

[Event "XIII C.to Italiano U20"]
[Site "Bratto - Castione della Presolana ITA"]
[Date "2005.08.25"]
[Round "6"]
[White "Oblak, Mitja"]
[Black "Battistelli, Alessandro"]
[Result "1/2-1/2"]
[WhiteElo "1688"]
[BlackElo "1655"]
[PlyCount "73"]
[EventDate "2005.08.20"]

1.d4 Nf6 2.c4 g6 3.Nc3 Bg7 4.e4 d6 5.Nf3 Bg4 6.h3 Bxf3 7.Qxf3 e5 8.d5 Nbd7
9.Bd3 Nc5 10.Bc2 a5 11.Bg5 h6 12.Bd2 Nfd7 13.a3 a4 14.Be3 O-O 15.O-O Qh4 
16.Qg4 Qe7 17.Rab1 Rfb8 18.f4 exf4 19.Rxf4 h5 20.Qe2 Bh6 21.Rf3 Bxe3+ 22.
Rxe3 Ne5 23.Nb5 c6 24.Nd4 Qg5 25.Nf3 Qf4 26.Nxe5 Qxe5 27.Bd3 Re8 28.Re1 
Ra6 29.Qc2 Rb6 30.R1e2 Rb3 31.Rd2 Qf4 32.Rf3 Qe5 33.Re3 Ra8 34.Kf2 Ra6 35.
Be2 Rxe3 36.Kxe3 Qg3+ 37.Bf3 1/2-1/2

[Event "XIII C.to Italiano U20"]
[Site "Bratto - Castione della Presolana ITA"]
[Date "2005.08.25"]
[Round "6"]
[White "Pomaro, Alberto"]
[Black "Rorato, Giovanni Riccardo"]
[Result "1-0"]
[WhiteElo "1943"]
[BlackElo "1706"]
[PlyCount "59"]
[EventDate "2005.08.20"]

1.d4 Nf6 2.c4 g6 3.Nc3 Bg7 4.e4 d6 5.f3 c5 6.Be3 cxd4 7.Bxd4 Nc6 8.Be3 O-O
9.Nge2 Nd7 10.Qd2 a6 11.Nd4 Rb8 12.Be2 Nde5 13.O-O h5 14.Rad1 Bd7 15.f4 
Ng4 16.Bxg4 Bxg4 17.Nxc6 bxc6 18.Rb1 Be6 19.b3 Qa5 20.Bd4 Bxd4+ 21.Qxd4 
Qb6 22.Qxb6 Rxb6 23.f5 Bc8 24.f6 Rb7 25.Rbd1 Rd8 26.e5 Kf8 27.fxe7+ Kxe7 
28.exd6+ Rxd6 29.Rxf7+ Ke6 30.Rf6+ 1-0

[Event "XIII C.to Italiano U20"]
[Site "Bratto - Castione della Presolana ITA"]
[Date "2005.08.25"]
[Round "6"]
[White "Pulcini, Giorgio"]
[Black "Mora, Lorenzo"]
[Result "0-1"]
[WhiteElo "1614"]
[BlackElo "1820"]
[PlyCount "86"]
[EventDate "2005.08.20"]

1.e4 e5 2.Nf3 Nc6 3.Bc4 Bc5 4.b4 Bxb4 5.c3 Ba5 6.d4 exd4 7.O-O dxc3 8.Qb3 
Qe7 9.Nxc3 Ne5 10.Nd5 Nxf3+ 11.gxf3 Qd8 12.e5 c6 13.Ba3 cxd5 14.Bxd5 Nh6 
15.f4 Qh4 16.Qg3 Qxg3+ 17.fxg3 Bd8 18.f5 Be7 19.Bxe7 Kxe7 20.f6+ Ke8 21.g4
Rg8 22.h3 gxf6 23.Rxf6 Nxg4 24.hxg4 Rxg4+ 25.Kf2 Rd4 26.Bxf7+ Ke7 27.Bb3 
d5 28.Rc1 b5 29.Rc7+ Bd7 30.Rd6 Rd8 31.Rxa7 Rf4+ 32.Kg3 Rf5 33.Rh6 Rg8+ 
34.Kh4 Rf4+ 35.Kh5 Rf2 36.Rxh7+ Ke6 37.Ra6+ Kxe5 38.Re7+ Kd4 39.Rg6 Rh2+ 
40.Kg5 Rg2+ 41.Kf4 Rf8+ 42.Rf7 Rxf7+ 43.Rf6 Rxf6# 0-1

[Event "XIII C.to Italiano U20"]
[Site "Bratto - Castione della Presolana ITA"]
[Date "2005.08.25"]
[Round "6"]
[White "Pulito, Alberto"]
[Black "Cappai, Davide"]
[Result "0-1"]
[WhiteElo "2212"]
[BlackElo "2115"]
[PlyCount "104"]
[EventDate "2005.08.20"]

1.e4 c5 2.c3 Nf6 3.e5 Nd5 4.d4 cxd4 5.Nf3 Nc6 6.Bc4 Nb6 7.Bb3 d6 8.exd6 
Qxd6 9.O-O Be6 10.Na3 a6 11.Bxe6 Qxe6 12.Nxd4 Nxd4 13.Qxd4 Rd8 14.Qh4 Qc6 
15.Re1 e6 16.Bg5 Rd7 17.Nc2 Be7 18.Bxe7 Rxe7 19.Nd4 Qc7 20.Qg5 Kf8 21.Rad1
h6 22.Qh4 Nd5 23.c4 Nf6 24.b3 Kg8 25.Nf3 Re8 26.Re3 Rd8 27.Red3 Rxd3 28.
Rxd3 Kf8 29.Qd4 Ke7 30.Ne5 Rc8 31.b4 b5 32.c5 Nd5 33.a3 a5 34.Nf3 axb4 35.
axb4 Qf4 36.Qxf4 Nxf4 37.Rb3 Ra8 38.h4 Ra2 39.Kh2 Nd5 40.Kg3 Ra4 41.Nd4 
Kd7 42.Nxb5 Rxb4 43.Rxb4 Nxb4 44.Nd6 f5 45.h5 Nd3 46.Nb7 Kc7 47.Nd6 Nxc5 
48.Ne8+ Kd7 49.Nxg7 Ke7 50.Kf4 Nd3+ 51.Ke3 Ne1 52.Kf4 Kf7 0-1

[Event "XIII C.to Italiano U20"]
[Site "Bratto - Castione della Presolana ITA"]
[Date "2005.08.25"]
[Round "6"]
[White "Reginato, Mauro"]
[Black "Zermian, Federico"]
[Result "1-0"]
[WhiteElo "1679"]
[BlackElo "1500"]
[PlyCount "45"]
[EventDate "2005.08.20"]

1.e4 e5 2.Nf3 Nc6 3.Bb5 a6 4.Ba4 b5 5.Bb3 Nf6 6.O-O Bc5 7.c3 O-O 8.d4 exd4
9.cxd4 Bb6 10.Bg5 h6 11.Bxf6 Qxf6 12.e5 Qd8 13.d5 Ne7 14.Qd3 d6 15.e6 fxe6
16.dxe6 Qe8 17.Nc3 Bb7 18.Bc2 g6 19.Nh4 Rf6 20.Rae1 b4 21.Ne2 a5 22.Ng3 
Ba6 23.Nh5 1-0

[Event "XIII C.to Italiano U20"]
[Site "Bratto - Castione della Presolana ITA"]
[Date "2005.08.25"]
[Round "6"]
[White "Regorda, Massimiliano"]
[Black "Buono, Valerio"]
[Result "1/2-1/2"]
[WhiteElo "1802"]
[BlackElo "1977"]
[PlyCount "44"]
[EventDate "2005.08.20"]

1.e4 e5 2.Nf3 Nc6 3.Bb5 a6 4.Ba4 Nf6 5.O-O b5 6.Bb3 Be7 7.Re1 d6 8.h3 O-O 
9.c3 Na5 10.Bc2 c5 11.d3 Nc6 12.Nbd2 Re8 13.Nf1 h6 14.Ng3 Be6 15.Nh2 Qd7 
16.Rf1 Nh7 17.f4 exf4 18.Bxf4 Bg5 19.Bxg5 Nxg5 20.Nf5 d5 21.Qh5 Bxf5 22.
exf5 f6 1/2-1/2

[Event "XIII C.to Italiano U20"]
[Site "Bratto - Castione della Presolana ITA"]
[Date "2005.08.25"]
[Round "6"]
[White "Salafia, Andrea"]
[Black "Trazzi, Enrico"]
[Result "1/2-1/2"]
[WhiteElo "1724"]
[BlackElo "1670"]
[PlyCount "84"]
[EventDate "2005.08.20"]

1.d4 d6 2.Nf3 g6 3.c4 Bg7 4.Nc3 Nd7 5.e4 e5 6.d5 Ne7 7.Be2 O-O 8.b4 a5 9.
bxa5 Rxa5 10.O-O f5 11.Ne1 Nf6 12.f3 h6 13.Bd2 Ra8 14.Nd3 b6 15.a4 g5 16.
Nf2 Ng6 17.g3 Bd7 18.a5 bxa5 19.Nb5 Bxb5 20.cxb5 Nd7 21.Bxa5 fxe4 22.Nxe4 
Rb8 23.Qc2 Nb6 24.Bxb6 cxb6 25.Qc6 Ne7 26.Qxd6 Qxd6 27.Nxd6 Rfd8 28.Ra7 
Rxd6 29.Rxe7 Kf8 30.Rc7 Re8 31.Ra1 e4 32.Raa7 Bd4+ 33.Kh1 exf3 34.Bxf3 Rf6
35.Bh5 Rd8 36.Rf7+ Rxf7 37.Bxf7 Rc8 38.Ra4 Rc1+ 39.Kg2 Rc2+ 40.Kh3 Bg1 41.
Bg6 Rxh2+ 42.Kg4 Bc5 1/2-1/2

[Event "XIII C.to Italiano U20"]
[Site "Bratto - Castione della Presolana ITA"]
[Date "2005.08.25"]
[Round "6"]
[White "Stips, Felix"]
[Black "Andreoni, Giuseppe"]
[Result "0-1"]
[WhiteElo "1650"]
[BlackElo "1983"]
[PlyCount "40"]
[EventDate "2005.08.20"]

1.e4 Nf6 2.e5 Nd5 3.c4 Nb6 4.d4 d6 5.f4 dxe5 6.fxe5 Nc6 7.Be3 Bf5 8.Nf3 e6
9.Nc3 Be7 10.d5 exd5 11.Bxb6 axb6 12.cxd5 Nb4 13.Nd4 Be4 14.Nxe4 Qxd5 15.
Nc3 Qxd4 16.Qxd4 Nc2+ 17.Kf2 Nxd4 18.Nd5 Ra5 19.Nxc7+ Kd7 20.Rd1 Kxc7 0-1

[Event "XIII C.to Italiano U20"]
[Site "Bratto - Castione della Presolana ITA"]
[Date "2005.08.25"]
[Round "6"]
[White "Tomba, Ivan"]
[Black "Massironi, Marco"]
[Result "1-0"]
[WhiteElo "2232"]
[BlackElo "2122"]
[PlyCount "89"]
[EventDate "2005.08.20"]

1.e4 c5 2.Nf3 d6 3.d4 cxd4 4.Nxd4 Nf6 5.Nc3 a6 6.Bc4 e6 7.O-O Nbd7 8.Bxe6 
fxe6 9.Nxe6 Qa5 10.Nd5 Nxd5 11.exd5 Nf6 12.b4 Qxb4 13.Nc7+ Kf7 14.Nxa8 Qc5
15.Be3 Qxd5 16.Nb6 Qxd1 17.Rfxd1 Be6 18.Bf4 d5 19.Be5 Ng4 20.Bd4 Bd6 21.h3
Ne5 22.Rab1 Nc6 23.c3 Bf5 24.Rb2 Be6 25.Be3 Be5 26.Bd4 Bd6 27.Re2 Re8 28.
Rde1 Re7 29.Na4 Bd7 30.Nc5 Rxe2 31.Rxe2 Nxd4 32.cxd4 Bc6 33.Rb2 Bxc5 34.
dxc5 Ke6 35.Re2+ Kd7 36.Re5 d4 37.f3 d3 38.Kf2 Bb5 39.Ke3 Bc4 40.a3 a5 41.
f4 h6 42.f5 d2 43.Kxd2 Bf1 44.Re3 Kc6 45.Rg3 1-0

[Event "XIII C.to Italiano U20"]
[Site "Bratto - Castione della Presolana ITA"]
[Date "2005.08.26"]
[Round "7"]
[White "Andreoni, Giuseppe"]
[Black "Fratino, Lorenzo"]
[Result "1/2-1/2"]
[WhiteElo "1983"]
[BlackElo "1905"]
[PlyCount "33"]
[EventDate "2005.08.20"]

1.f3 f6 2.Kf2 Kf7 3.e4 d5 4.exd5 Qxd5 5.d4 e5 6.Na3 Bxa3 7.bxa3 Qxd4+ 8.
Qxd4 exd4 9.Bb2 c5 10.Re1 g6 11.Bc4+ Kg7 12.h4 h5 13.c3 dxc3 14.Bxc3 Nc6 
15.Nh3 Bxh3 16.Rxh3 Nge7 17.Rxe7+ 1/2-1/2

[Event "XIII C.to Italiano U20"]
[Site "Bratto - Castione della Presolana ITA"]
[Date "2005.08.26"]
[Round "7"]
[White "Bartolini, Leonardo"]
[Black "Oblak, Mitja"]
[Result "1/2-1/2"]
[WhiteElo "1580"]
[BlackElo "1688"]
[PlyCount "51"]
[EventDate "2005.08.20"]

1.d4 Nf6 2.Nf3 g6 3.Bf4 Bg7 4.h3 b6 5.e3 Bb7 6.Be2 c5 7.c3 e6 8.O-O O-O 9.
Nbd2 d5 10.a4 Nc6 11.Ne5 Nd7 12.Nxc6 Bxc6 13.Nf3 Qe7 14.Bg5 f6 15.Bh4 Qf7 
16.Bg3 e5 17.dxe5 Nxe5 18.Qc2 Rac8 19.Rfd1 d4 20.exd4 Nxf3+ 21.Bxf3 Bxf3 
22.gxf3 cxd4 23.Rxd4 f5 24.Rb4 Qe7 25.Qb3+ Kh8 26.Rc4 1/2-1/2

[Event "XIII C.to Italiano U20"]
[Site "Bratto - Castione della Presolana ITA"]
[Date "2005.08.26"]
[Round "7"]
[White "Bevilacqua, Andrea"]
[Black "Borsato, Federico"]
[Result "1-0"]
[WhiteElo "1978"]
[BlackElo "1811"]
[PlyCount "91"]
[EventDate "2005.08.20"]

1.d4 d6 2.e4 g6 3.f4 Bg7 4.Nf3 Nf6 5.Bd3 c5 6.c3 Nc6 7.d5 Nb8 8.O-O O-O 9.
c4 e6 10.Nc3 exd5 11.exd5 a6 12.a4 Bg4 13.h3 Bxf3 14.Rxf3 Nbd7 15.Qc2 Ne8 
16.Ne4 f5 17.Nf2 Nc7 18.Rb1 a5 19.b3 Na6 20.Bb2 Nb4 21.Qd2 Nxd3 22.Rxd3 
Bxb2 23.Rxb2 Qf6 24.Rb1 b6 25.Re1 Rfe8 26.Rde3 Rxe3 27.Rxe3 Nf8 28.Nd1 Kf7
29.Nc3 Qd4 30.Qf2 Re8 31.Rxe8 Qxf2+ 32.Kxf2 Kxe8 33.g4 h6 34.Kg3 Nd7 35.
Nb5 Ke7 36.Kh4 fxg4 37.hxg4 Nb8 38.g5 h5 39.f5 gxf5 40.Kxh5 Nd7 41.Nc7 Ne5
42.Ne6 Kf7 43.Nf4 Kg7 44.g6 Nxg6 45.Nxg6 Kf6 46.Kh6 1-0

[Event "XIII C.to Italiano U20"]
[Site "Bratto - Castione della Presolana ITA"]
[Date "2005.08.26"]
[Round "7"]
[White "Boscolo, Marco"]
[Black "Parodi, Alessandro"]
[Result "1-0"]
[WhiteElo "2006"]
[BlackElo "1923"]
[PlyCount "103"]
[EventDate "2005.08.20"]

1.e4 d6 2.d4 Nf6 3.Nc3 g6 4.Nf3 Bg7 5.Bf4 O-O 6.Qd2 c6 7.O-O-O b5 8.Bd3 
Nbd7 9.h4 h5 10.e5 dxe5 11.dxe5 b4 12.exf6 bxc3 13.Qxc3 Nxf6 14.Qxc6 Bd7 
15.Qc7 Bh6 16.Kb1 Bxf4 17.Qxf4 Qb6 18.Qd4 Rab8 19.Qxb6 Rxb6 20.Ne5 Be6 21.
c4 Rfb8 22.Rd2 a5 23.Re1 Rc8 24.f3 Ne8 25.Rc1 Rb4 26.Re2 Nd6 27.Nxg6 Rc7 
28.Nf4 Bxc4 29.Bxc4 Nxc4 30.Ka1 Rcb7 31.Nd3 Ra4 32.Nc5 Rxb2 33.Rxb2 Nxb2 
34.Kxb2 Rxh4 35.Rc2 f5 36.Kc3 Kf7 37.Kd3 e5 38.Re2 Rd4+ 39.Kc3 Kf6 40.Nb3 
Ra4 41.Kd3 f4 42.Kc3 Kf5 43.Nc5 Rd4 44.Ne4 Rb4 45.Rd2 Rxe4 46.fxe4+ Kxe4 
47.Re2+ Kf5 48.Kd3 h4 49.Re1 Kg4 50.Rxe5 f3 51.gxf3+ Kxf3 52.Rxa5 1-0

[Event "XIII C.to Italiano U20"]
[Site "Bratto - Castione della Presolana ITA"]
[Date "2005.08.26"]
[Round "7"]
[White "Bosi, Clint"]
[Black "Lain, Luigi"]
[Result "0-1"]
[WhiteElo "2025"]
[BlackElo "2254"]
[PlyCount "54"]
[EventDate "2005.08.20"]

1.e4 e5 2.Nf3 Nc6 3.Bc4 Bc5 4.b4 Bxb4 5.c3 Ba5 6.O-O Nf6 7.d4 O-O 8.Bg5 h6
9.Bh4 Qe7 10.d5 Nb8 11.Nbd2 d6 12.h3 Nbd7 13.Nb3 Bxc3 14.Rc1 Bb4 15.Kh1 
Kh8 16.g4 Rg8 17.g5 Nxe4 18.gxh6 g5 19.Bd3 gxh4 20.Bxe4 Nc5 21.Rc4 Nxb3 
22.h7 Rg7 23.axb3 Bc5 24.Bc2 Bxh3 25.Nxh4 Bd4 26.Nf5 Bxf5 27.Bxf5 Qh4+ 0-1

[Event "XIII C.to Italiano U20"]
[Site "Bratto - Castione della Presolana ITA"]
[Date "2005.08.26"]
[Round "7"]
[White "Buono, Valerio"]
[Black "De Nardi, Riccardo"]
[Result "1-0"]
[WhiteElo "1977"]
[BlackElo "1717"]
[PlyCount "111"]
[EventDate "2005.08.20"]

1.e4 c5 2.Nf3 d6 3.d4 cxd4 4.Nxd4 Nf6 5.Nc3 g6 6.Be2 Bg7 7.Be3 O-O 8.O-O 
Nc6 9.Nb3 a6 10.f4 Qc7 11.Bf3 Rb8 12.Qd2 b5 13.a3 Bb7 14.Rad1 Rfc8 15.Qf2 
Ba8 16.g4 Nd7 17.Nd5 Qb7 18.e5 Nf8 19.Nb6 dxe5 20.Nxc8 Qxc8 21.c3 exf4 22.
Bxf4 Be5 23.Qg3 Bxf4 24.Qxf4 Ne6 25.Qe3 Qc7 26.Nd4 Ncxd4 27.cxd4 Bxf3 28.
Rxf3 Rd8 29.d5 Nf8 30.Rf2 Qd7 31.Qf3 e6 32.Rfd2 exd5 33.Rxd5 Qa7+ 34.Kg2 
Rxd5 35.Qxd5 Ne6 36.Qf3 Qc7 37.Rf1 Kg7 38.Qc3+ Qxc3 39.bxc3 Nc5 40.Kf3 Na4
41.Rc1 Kf6 42.c4 Ke5 43.cxb5 axb5 44.Ke3 h5 45.gxh5 gxh5 46.Rb1 Nc3 47.Rb3
Nd5+ 48.Kf3 Nc7 49.Rb4 Kf5 50.Rd4 f6 51.Rd7 Ne6 52.Rd5+ Kg6 53.Ke3 f5 54.
Rxb5 f4+ 55.Ke4 f3 56.Ke3 1-0

[Event "XIII C.to Italiano U20"]
[Site "Bratto - Castione della Presolana ITA"]
[Date "2005.08.26"]
[Round "7"]
[White "Cappai, Davide"]
[Black "Bove, Alessandro"]
[Result "1/2-1/2"]
[WhiteElo "2115"]
[BlackElo "2137"]
[PlyCount "30"]
[EventDate "2005.08.20"]

1.e4 e5 2.Nf3 d6 3.Bc4 c6 4.a4 Nd7 5.Nc3 Be7 6.d3 h6 7.O-O g5 8.Qe2 Nf8 9.
Rd1 Ng6 10.d4 Qc7 11.Be3 Nf6 12.Ne1 Ng4 13.Bb3 Bf6 14.Nf3 Qe7 15.d5 Nxe3 
1/2-1/2

[Event "XIII C.to Italiano U20"]
[Site "Bratto - Castione della Presolana ITA"]
[Date "2005.08.26"]
[Round "7"]
[White "Castellano, Fabio Marco"]
[Black "Reginato, Mauro"]
[Result "1-0"]
[WhiteElo "1893"]
[BlackElo "1679"]
[PlyCount "37"]
[EventDate "2005.08.20"]

1.e4 e5 2.Nf3 Nc6 3.d4 exd4 4.Nxd4 Qh4 5.Nc3 Bb4 6.Nb5 Qxe4+ 7.Be2 Bxc3+ 
8.bxc3 Kd8 9.O-O a6 10.Nd4 Nxd4 11.cxd4 d6 12.c4 Ne7 13.Re1 Qh4 14.Bf3 h5 
15.Re4 Bg4 16.Qe1 f5 17.g3 Qf6 18.Re6 Qf7 19.Bg5 1-0

[Event "XIII C.to Italiano U20"]
[Site "Bratto - Castione della Presolana ITA"]
[Date "2005.08.26"]
[Round "7"]
[White "Chinello, Gianmarco"]
[Black "Cozzarin, Davide"]
[Result "0-1"]
[WhiteElo "2070"]
[BlackElo "1646"]
[PlyCount "62"]
[EventDate "2005.08.20"]

1.e4 c5 2.f4 Nc6 3.Nf3 d6 4.Bb5 Bd7 5.O-O g6 6.Nc3 Bg7 7.Be2 Nf6 8.d3 O-O 
9.Qe1 a6 10.Qh4 b5 11.f5 Nd4 12.Bd1 Nxf3+ 13.Rxf3 b4 14.Ne2 e6 15.g4 exf5 
16.exf5 Nd5 17.Bg5 Bf6 18.Bxf6 Qxf6 19.g5 Qxb2 20.f6 Kh8 21.Rc1 Nc3 22.Qe1
Nxa2 23.Rb1 Qxb1 24.Rf4 Rae8 25.Rh4 Nc3 26.Rxh7+ Kxh7 27.Qh4+ Kg8 28.Qh6 
Qxd1+ 29.Kf2 Rxe2+ 30.Kg3 Qg1+ 31.Kf3 Qg4# 0-1

[Event "XIII C.to Italiano U20"]
[Site "Bratto - Castione della Presolana ITA"]
[Date "2005.08.26"]
[Round "7"]
[White "Cocuzzi, Edoardo"]
[Black "Drezzadore, Dario"]
[Result "1-0"]
[WhiteElo "1689"]
[BlackElo "2019"]
[PlyCount "57"]
[EventDate "2005.08.20"]

1.e4 d5 2.exd5 Qxd5 3.Nc3 Qa5 4.Bc4 Nf6 5.d3 c6 6.Bd2 Bf5 7.Nf3 e6 8.a3 
Qc7 9.Qe2 Be7 10.h3 Nbd7 11.Nh4 Bg6 12.Nxg6 hxg6 13.O-O-O O-O-O 14.Bg5 Nb6
15.Bb3 Rh5 16.Qd2 Nbd5 17.Bxf6 Bxf6 18.Nxd5 Rdxd5 19.g3 Ra5 20.Qb4 Be7 21.
Qc3 Bf6 22.Qb4 c5 23.Qd2 b5 24.c4 b4 25.axb4 Ra1+ 26.Kc2 Qe5 27.Rb1 cxb4 
28.Rhe1 Qd4 29.Re4 1-0

[Event "XIII C.to Italiano U20"]
[Site "Bratto - Castione della Presolana ITA"]
[Date "2005.08.26"]
[Round "7"]
[White "Corsino, Gianluca"]
[Black "Pulito, Alberto"]
[Result "0-1"]
[WhiteElo "2053"]
[BlackElo "2212"]
[PlyCount "88"]
[EventDate "2005.08.20"]

1.d4 d5 2.c4 e6 3.Nc3 Nf6 4.Bg5 c6 5.e3 Nbd7 6.cxd5 exd5 7.Nf3 Be7 8.Bd3 
O-O 9.O-O Re8 10.Qc2 Nf8 11.Rfe1 h6 12.Bh4 Ne4 13.Bxe7 Qxe7 14.Nd2 f5 15.
f3 Nxd2 16.Qxd2 Qg5 17.Qf2 Ne6 18.Qg3 Qf6 19.Rad1 Bd7 20.Bb1 f4 21.Qg6 
fxe3 22.Qxf6 gxf6 23.Rxe3 Ng7 24.Rde1 Rxe3 25.Rxe3 Kf7 26.Kf2 Bf5 27.Bxf5 
Nxf5 28.Rd3 Re8 29.g4 Nd6 30.b3 h5 31.Re3 Rg8 32.h3 hxg4 33.fxg4 b5 34.a3 
a5 35.Kf3 b4 36.axb4 axb4 37.Na2 Rb8 38.Ke2 Ne4 39.Kf3 c5 40.dxc5 Nxc5 41.
Kf2 d4 42.Re2 Nxb3 43.Rb2 Nc5 44.Nxb4 Rxb4 0-1

[Event "XIII C.to Italiano U20"]
[Site "Bratto - Castione della Presolana ITA"]
[Date "2005.08.26"]
[Round "7"]
[White "Damia, Angelo"]
[Black "Bellemo, Davide"]
[Result "1-0"]
[WhiteElo "2155"]
[BlackElo "1847"]
[PlyCount "71"]
[EventDate "2005.08.20"]

1.e4 e5 2.Nf3 Nc6 3.d4 exd4 4.Nxd4 Nf6 5.Nc3 Bb4 6.Nxc6 bxc6 7.Bd3 d5 8.
exd5 cxd5 9.Qe2+ Qe7 10.Bb5+ Bd7 11.Bxd7+ Kxd7 12.Qxe7+ Bxe7 13.Bg5 c6 14.
O-O-O Rhe8 15.f3 Bb4 16.Bxf6 gxf6 17.Ne4 Ke7 18.c3 Bd6 19.Nxd6 Kxd6 20.Rd2
Re5 21.Rhd1 Rae8 22.c4 Re2 23.cxd5 Rxd2 24.Kxd2 cxd5 25.Re1 Rxe1 26.Kxe1 
Kc5 27.Kd2 Kc4 28.g4 h6 29.Ke3 a6 30.Ke2 Kd4 31.Kd2 Ke5 32.Kd3 Kf4 33.b4 
Kxf3 34.a4 Kf4 35.b5 axb5 36.a5 1-0

[Event "XIII C.to Italiano U20"]
[Site "Bratto - Castione della Presolana ITA"]
[Date "2005.08.26"]
[Round "7"]
[White "Ferrante, Marco"]
[Black "Lapenna, Antonio"]
[Result "1/2-1/2"]
[WhiteElo "2113"]
[BlackElo "2056"]
[PlyCount "100"]
[EventDate "2005.08.20"]

1.e4 c5 2.Nf3 d6 3.d4 cxd4 4.Nxd4 Nf6 5.Nc3 g6 6.Be3 Bg7 7.f3 Nc6 8.Qd2 
O-O 9.O-O-O d5 10.exd5 Nxd5 11.Nxc6 bxc6 12.Bd4 e5 13.Bc5 Be6 14.Ne4 Rc8 
15.h4 h6 16.g4 Qc7 17.g5 h5 18.Bc4 Rcd8 19.Qf2 Nf4 20.Bxe6 Nxe6 21.Rhe1 
Qa5 22.Kb1 Rd5 23.Be7 Rb5 24.c4 Rb7 25.Nf6+ Kh8 26.Bd6 Rd8 27.c5 Qa4 28.
Rc1 Qd4 29.Qh2 Qd3+ 30.Ka1 Nd4 31.Qxe5 Nc2+ 32.Rxc2 Qxc2 33.Qe8+ Bf8 34.
Qe5 Re7 35.Qg3 Re2 36.Rb1 Rg2 37.Qe5 Bg7 38.Qe7 Rc8 39.Qb7 Qf5 40.Qxf7 Re2
41.Qb7 Qe6 42.f4 Re1 43.Be5 Rxb1+ 44.Kxb1 Rd8 45.Qc7 Qf5+ 46.Kc1 Qd3 47.
Nd5 Qf1+ 48.Kc2 Qe2+ 49.Kc1 Qe1+ 50.Kc2 Qe2+ 1/2-1/2

[Event "XIII C.to Italiano U20"]
[Site "Bratto - Castione della Presolana ITA"]
[Date "2005.08.26"]
[Round "7"]
[White "Fezzardi, Emanuele"]
[Black "Amato, Andrea"]
[Result "0-1"]
[WhiteElo "1970"]
[BlackElo "2286"]
[PlyCount "64"]
[EventDate "2005.08.20"]

1.d4 d5 2.c4 dxc4 3.Nc3 a6 4.e3 b5 5.a4 b4 6.Bxc4 Bb7 7.Nf3 e6 8.Nb1 Nf6 
9.O-O Nbd7 10.Qe2 c5 11.Rd1 Qc7 12.Nbd2 Bd6 13.h3 O-O 14.b3 e5 15.dxe5 
Nxe5 16.Bb2 h6 17.Rac1 Rfe8 18.Nh4 Qc6 19.Qe1 Ng6 20.Nhf3 Bc7 21.Bf1 Nd5 
22.Be2 Ndf4 23.Qf1 Nxe2+ 24.Qxe2 Rad8 25.Qf1 Ne5 26.Nxe5 Bxe5 27.Bxe5 Rxe5
28.Nf3 Red5 29.Rxd5 Rxd5 30.Qc4 a5 31.e4 Rd8 32.Qxc5 Rd1+ 0-1

[Event "XIII C.to Italiano U20"]
[Site "Bratto - Castione della Presolana ITA"]
[Date "2005.08.26"]
[Round "7"]
[White "Fortino, Fabrizio"]
[Black "Regorda, Massimiliano"]
[Result "1-0"]
[WhiteElo "1965"]
[BlackElo "1802"]
[PlyCount "105"]
[EventDate "2005.08.20"]

1.e4 e5 2.f4 d6 3.Nf3 Nc6 4.d4 exd4 5.Bc4 Be6 6.Bd3 Bg4 7.O-O Qd7 8.h3 
Bxf3 9.Rxf3 Nge7 10.Nd2 O-O-O 11.Qe2 g6 12.a3 Bg7 13.b4 f5 14.b5 Na5 15.e5
dxe5 16.fxe5 Qe6 17.Nc4 Nxc4 18.Bxc4 Qxe5 19.Qxe5 Bxe5 20.Bg5 d3 21.Re1 d2
22.Bxd2 Rxd2 23.Rxe5 Rxc2 24.Bb3 Rc1+ 25.Kh2 Nc6 26.bxc6 Rxc6 27.Re7 b5 
28.Kg3 a5 29.h4 a4 30.Ba2 Rc2 31.Be6+ Kb7 32.h5 gxh5 33.Rxf5 Rc3+ 34.Rf3 
Rc5 35.Kh4 Kc6 36.Rd3 h6 37.Bf7 Rc2 38.Bd5+ Kb6 39.Bf3 Rg8 40.Kxh5 Rc1 41.
g4 Rc2 42.Kh4 Rg6 43.Rde3 Ra2 44.R7e5 c5 45.Re7 Rh2+ 46.Kg3 Ra2 47.Kf4 b4 
48.axb4 cxb4 49.Rb7+ Kc5 50.Re5+ Kd4 51.Rxb4+ Kc3 52.Rbb5 Rb2 53.Re3+ 1-0

[Event "XIII C.to Italiano U20"]
[Site "Bratto - Castione della Presolana ITA"]
[Date "2005.08.26"]
[Round "7"]
[White "Gatterer, Matthias"]
[Black "Ghedin, Emanuele"]
[Result "1/2-1/2"]
[WhiteElo "1917"]
[BlackElo "1572"]
[PlyCount "137"]
[EventDate "2005.08.20"]

1.d4 Nf6 2.Nf3 e6 3.c4 Bb4+ 4.Bd2 Qe7 5.Nc3 O-O 6.a3 Bxc3 7.Bxc3 Ne4 8.Qc2
Nxc3 9.Qxc3 d5 10.cxd5 exd5 11.e3 Bf5 12.Be2 Rc8 13.Rc1 Nd7 14.O-O c5 15.
dxc5 Qxc5 16.Qxc5 Rxc5 17.Nd4 Be6 18.Rxc5 Nxc5 19.Rc1 Ne4 20.Nxe6 fxe6 21.
Rc7 Rf8 22.Bf3 Rf7 23.Rc8+ Rf8 24.Bg4 Ng5 25.Rxf8+ Kxf8 26.h4 Ne4 27.Bxe6 
Nf6 28.Bf5 Ke7 29.Kf1 Kd6 30.Ke2 Ke5 31.Bc8 b6 32.Kd3 h6 33.f4+ Kd6 34.Bf5
h5 35.Kd4 Ng8 36.Bg6 Nf6 37.Bf7 Kc6 38.a4 a5 39.Be6 Kd6 40.Bf5 Ng8 41.e4 
dxe4 42.Bxe4 Ne7 43.Kc4 Kc7 44.Kb5 g6 45.Kc4 Kd6 46.b4 axb4 47.Kxb4 Kc7 
48.Kb5 Nf5 49.Bxf5 gxf5 50.Kc4 Kd6 51.Kb5 Kc7 52.a5 bxa5 53.Kxa5 Kc6 54.
Kb4 Kd5 55.Kc3 Ke4 56.Kd2 Kxf4 57.Ke2 Kg4 58.Kf2 f4 59.Ke2 Kg3 60.Kf1 Kxh4
61.Kf2 Kg4 62.Kg1 Kg3 63.Kf1 Kh2 64.Kf2 Kh1 65.Kf1 Kh2 66.Kf2 h4 67.Kf1 h3
68.gxh3 Kxh3 69.Kf2 1/2-1/2

[Event "XIII C.to Italiano U20"]
[Site "Bratto - Castione della Presolana ITA"]
[Date "2005.08.26"]
[Round "7"]
[White "Lapiccirella, Daniele"]
[Black "Tomba, Ivan"]
[Result "0-1"]
[WhiteElo "2120"]
[BlackElo "2232"]
[PlyCount "44"]
[EventDate "2005.08.20"]

1.d4 Nf6 2.c4 Nc6 3.Nc3 e6 4.a3 d6 5.e4 g6 6.Be3 Bg7 7.f3 O-O 8.Nge2 Nd7 
9.Qd2 Na5 10.Nc1 c5 11.Nb5 cxd4 12.Bxd4 Ne5 13.Bxe5 Bxe5 14.f4 Bg7 15.Ra2 
d5 16.cxd5 exd5 17.b4 a6 18.bxa5 axb5 19.exd5 Rxa5 20.Be2 Qb6 21.Bf3 Ra4 
22.Nb3 b4 0-1